Online Catalogue and eLibrary

Tamilakattil panpattu nerukkatikal (Record no. 1032)

MARC details
000 -LEADER
fixed length control field 00362nam a2200145Ia 4500
005 - DATE AND TIME OF LATEST TRANSACTION
control field 20250424070539.0
008 - FIXED-LENGTH DATA ELEMENTS--GENERAL INFORMATION
fixed length control field 240331s9999 xx 000 0 und d
082 ## - DDC Classification
Class No. 301
Item Number - Author Mark Gna
100 ## - MAIN ENTRY--PERSONAL NAME
Personal name Gnanie
245 #0 - TITLE STATEMENT
Title Tamilakattil panpattu nerukkatikal
260 ## - PUBLICATION, DISTRIBUTION, ETC.
Place of publication, distribution, etc. Kovai
Name of publisher, distributor, etc. Nikal Veliyidu
Date of publication, distribution, etc. 1994
300 ## - PHYSICAL DESCRIPTION
Extent (e.g. Volumes, Pages etc.) 244 p .,
500 ## - GENERAL NOTE
General note Puthiya Kalaniyiyachulil
942 ## - Koha item type (Biblio)
Koha item type Books in Stacks (Lending)
Holdings
Lost status Damaged status Collection code Home library Current library Shelving location Date acquired Full call number Accession Number Item type
    Lending WERC Library WERC Library Social Science Cupboard 03/31/2024 301 Gna 3674 Books in Stacks (Lending)

© WERC Library